000 00486nam a22001457a 4500
999 _c11436
_d11436
008 160708b xxu||||| |||| 00| 0 eng d
020 _a9781554071821
050 _aSF 457.1 .J45 2007
100 _aGreg Jennings
_d2007
245 _aThe New Encyclopedia of the Saltwater Aquarium
260 _aNew York
_bFirefly Books
_c2007
300 _a304p.:
_bill,;
_c28cm
650 _aMarine Aquariums
942 _2lcc
_cBOOKS
_hSF 457.1 .J45 2007